000 00728cam a2200241 a 4500
001 533079
005 20180202043308.0
008 870701r19871901nyua 001 0 eng c
010 _a 87018378
020 _a0517652935 (deluxe ed.) :
_c$12.98
020 _a0517223651 (jacketed ed.)
040 _aDNLM/DLC
_cDLC
_dDLC
041 _aeng
060 _aQS 4 G779a 1901a
080 _a611 GRA
082 0 0 _a611 GRA
_219
100 1 _a6
101 _aANA
245 1 0 _aAnatomy, descriptive and surgical /
_cby Henry Gray ; edited by T. Pickering Pick and Robert Howden ; with a new introduction by John A. Crocco.
740 0 _aGray's anatomy.
906 _a7
_bcbc
_corignew
_d1
_eocip
_f19
_gy-gencatlg
942 _2ddc
_cBK
999 _c41600
_d41600